| 000 | 00350 a2200157 4500 | ||
|---|---|---|---|
| 001 | 192914 | ||
| 020 | _a85-349-2583-6 | ||
| 040 | _cMagnum | ||
| 100 | _aCoelho, Ronaldo Simões | ||
| 240 | 1 | 0 |
_aA pedra com o menino _lpor |
| 245 | 1 | 0 | _aA pedra com o menino |
| 300 | _a55 | ||
| 362 | 0 | _a2006 | |
| 697 | _aLITERATURA INFANTO-JUVENIL | ||
| 942 | _cBK | ||
| 999 |
_c192914 _d192914 |
||